Instrucción de predicadores
Gardado en:
| Autor Principal: | |
|---|---|
| Formato: | Libro |
| Idioma: | Lingua castelá |
| Publicado: |
Madrid
Espasa-Calpe
1946
|
| Series: | Clásicos Castellanos, 126
|
| Subjects: | |
| Tags: |
Engadir etiqueta
Sen Etiquetas, Sexa o primeiro en etiquetar este rexistro!
|
MARC
| LEADER | 00000nam a2200000 a 4500 | ||
|---|---|---|---|
| 001 | UCX5293 | ||
| 003 | CL-VaPUC | ||
| 008 | 921019e19460000SP |||||||||||||||||spa|d | ||
| 082 | 0 | 4 | |a 865 |b TER |2 21 |
| 100 | 0 | |a Terrones del Caño, Francisco |e author |9 321566 | |
| 245 | 1 | 0 | |a Instrucción de predicadores |
| 300 | |a 166 p | ||
| 942 | |c BK | ||
| 945 | |d 19921019 00:00:00 | ||
| 260 | |a Madrid |b Espasa-Calpe |c 1946 | ||
| 650 | 7 | |a ORATORIA ESPAÑOLA |2 CL-VaPUC |9 321291 | |
| 650 | 7 | |a LITERATURA RELIGIOSA ESPAÑOLA |2 CL-VaPUC |9 314131 | |
| 583 | |a last modification |c 19921019 00:00:00 |k Rodrigo Vera | ||
| 490 | 0 | |a Clásicos Castellanos, 126 | |
| 999 | |c 225583 |d 225581 | ||
| 952 | |0 0 |1 0 |4 0 |6 865_000000000000000_TER_1946 |7 0 |8 A |9 223201 |a FDOPOS |b FDOPOS |d 2019-11-15 |i 2920530 |o 865 TER 1946 |p 2920530 |r 2023-08-09 |w 2019-11-15 |y BK |k MLH | ||